Immigrazioni ed Omosessualit Diritti e Salute

Na minha lista:
Detalhes bibliográficos
Corporate Authors: IO (Immigrazioni ed Omosessualit)̉, Arcigay
Formato: Desconhecido
Idioma:inglês
Publicado em: Regione Emilia Romagna
Tags: Adicionar Tag
Sem tags, seja o primeiro a adicionar uma tag!

MARC

LEADER 00000 a2200000 4500
005 20241016182811.0
008 241016b |||||||| |||| 00| 0 eng d
040 |c GP 
110 |a IO (Immigrazioni ed Omosessualit)̉ 
245 |a Immigrazioni ed Omosessualit  |b Diritti e Salute 
260 |b Regione Emilia Romagna 
710 |a Arcigay 
942 |2 ddc  |c BK  |n 0 
952 |0 0  |1 0  |2 ddc  |4 0  |6 362_000000000000000_ARC  |7 1  |9 2139  |a RM  |b RM  |d 2024-10-16  |l 0  |o 362 ARC  |p 746  |r 2024-10-16 18:28:29  |w 2024-10-16  |y BK 
999 |c 1881  |d 1881